| 000 | 01157cam a2200301 4500 | ||
|---|---|---|---|
| 001 | WS117538 | ||
| 008 | 020417n 000 0 eng u | ||
| 035 | _a(Sirsi) u117538 | ||
| 110 | _aOrganisation for Economic Co-Operation and Development | ||
| 245 | _aOrganisation for Economic Co-operation and Development (OECD) | ||
| 520 | _aSite for this international organisation helping governments 'tackle the economic, social and governance challenges of a globalised economy'. Includes pages on agriculture, biotechnology, energy, environment, sustainable development and transport. Also detailed pages of statistics. | ||
| 650 | _aINTERNATIONAL | ||
| 650 | _aORGANISATION | ||
| 650 | _aAGRICULTURE | ||
| 650 | _aBIOTECHNOLOGY | ||
| 650 | _aEMERGING ECONOMIES | ||
| 650 |
_aEnvironment _96238 |
||
| 650 |
_aENERGY _96237 |
||
| 650 | _aSTATISTICS | ||
| 650 | _aSUSTAINABLE DEVELOPMENT | ||
| 650 | _aTRANSPORT | ||
| 650 | _aDEVELOPMENT | ||
| 650 | _aCLIMATE CHANGE | ||
| 650 | _aINTERNATIONAL ENERGY AGENCY | ||
| 690 | _aECONOMIC ISSUES | ||
| 856 | 4 | 0 |
_uhttps://www.oecd.org _zView the website free of charge at www.oecd.org... |
| 942 | _n0 | ||
| 999 |
_c120012 _d120012 |
||